Интернет-сайт Томской региональной общественной организации "Ассоциация родителей с аутизмом "Аура"; Информационные технологии в науке, управлении, социальной сфере и медицине; Ч. 2
| Parent link: | Информационные технологии в науке, управлении, социальной сфере и медицине: сборник научных трудов Международной конференции с международным участием , 29 апреля - 2 мая 2014 г., Томск/ Национальный исследовательский Томский политехнический университет (ТПУ).— , 2014 Ч. 2.— 2014.— [С. 318-320] |
|---|---|
| Автор: | |
| Співавтор: | |
| Інші автори: | |
| Резюме: | Заглавие с титульного экрана Article is devoted to the creation of a thematic website for territorial public organization dedicated to social integration and rehabilitation of children with autism spectrum disorders develop in the Tomsk region. The place created an Internet resource of such information resources identified and the urgency of the consolidation of the experience on the basis of a single information resource. The structure of the site, defined goals and objectives, the implementation of which will be made through the site and contribute to the overall goals of the organization. |
| Мова: | Російська |
| Опубліковано: |
2014
|
| Серія: | Информационные технологии в государственном управлении и социальной сфере |
| Предмети: | |
| Онлайн доступ: | http://www.lib.tpu.ru/fulltext/c/2014/C24/V2/122.pdf |
| Формат: | Електронний ресурс Частина з книги |
| KOHA link: | https://koha.lib.tpu.ru/cgi-bin/koha/opac-detail.pl?biblionumber=608172 |
MARC
| LEADER | 00000naa2a2200000 4500 | ||
|---|---|---|---|
| 001 | 608172 | ||
| 005 | 20260318092134.0 | ||
| 035 | |a (RuTPU)RU\TPU\conf\5602 | ||
| 035 | |a RU\TPU\conf\5601 | ||
| 090 | |a 608172 | ||
| 100 | |a 20140918d2014 k y0rusy50 ca | ||
| 101 | 0 | |a rus | |
| 102 | |a RU | ||
| 135 | |a drgn ---uucaa | ||
| 181 | 0 | |a i | |
| 182 | 0 | |a b | |
| 200 | 1 | |a Интернет-сайт Томской региональной общественной организации "Ассоциация родителей с аутизмом "Аура" |d Tomsk regional public organization "Association parents with autism" "Aura" |f А. В. Иванова, Л. И. Иванкина | |
| 203 | |a Текст |c электронный | ||
| 225 | 1 | |a Информационные технологии в государственном управлении и социальной сфере | |
| 300 | |a Заглавие с титульного экрана | ||
| 320 | |a [Библиогр.: с. 320 (17 назв.)] | ||
| 330 | |a Article is devoted to the creation of a thematic website for territorial public organization dedicated to social integration and rehabilitation of children with autism spectrum disorders develop in the Tomsk region. The place created an Internet resource of such information resources identified and the urgency of the consolidation of the experience on the basis of a single information resource. The structure of the site, defined goals and objectives, the implementation of which will be made through the site and contribute to the overall goals of the organization. | ||
| 337 | |a Adobe Reader | ||
| 461 | 1 | |0 (RuTPU)RU\TPU\conf\4263 |t Информационные технологии в науке, управлении, социальной сфере и медицине |o сборник научных трудов Международной конференции с международным участием , 29 апреля - 2 мая 2014 г., Томск |o в 2 ч. |f Национальный исследовательский Томский политехнический университет (ТПУ) |d 2014 | |
| 463 | 1 | |0 (RuTPU)RU\TPU\conf\4265 |t Ч. 2 |v [С. 318-320] |d 2014 | |
| 510 | 1 | |a Tomsk regional public organization "Association parents with autism" "Aura" |z eng | |
| 610 | 1 | |a труды учёных ТПУ | |
| 610 | 1 | |a электронные ресурсы | |
| 610 | 1 | |a интернет-сайты | |
| 610 | 1 | |a веб-сайты | |
| 610 | 1 | |a реабилитация | |
| 610 | 1 | |a дети | |
| 610 | 1 | |a аутизм | |
| 610 | 1 | |a информационные ресурсы | |
| 700 | 1 | |a Иванова |b А. В. | |
| 701 | 1 | |a Иванкина |b Л. И. |c специалист в области философии, социологии и психологии образования |c профессор Томского политехнического университета, доктор философских наук |f 1956- |g Любовь Ивановна |3 (RuTPU)RU\TPU\pers\25426 | |
| 712 | 0 | 2 | |a Национальный исследовательский Томский политехнический университет (ТПУ) |b Институт социально-гуманитарных технологий (ИСГТ) |b Кафедра менеджмента (МЕН) |3 (RuTPU)RU\TPU\col\18855 |
| 801 | 2 | |a RU |b 63413507 |c 20140918 |g RCR | |
| 856 | 4 | |u http://www.lib.tpu.ru/fulltext/c/2014/C24/V2/122.pdf | |
| 942 | |c BK | ||